[Event "CZE-ch Open 2019"]
[Site "Ostrava"]
[Date "2019.04.29"]
[Round "3.6"]
[White "Krejci, Jan"]
[Black "Cernousek, Lukas"]
[Result "1-0"]
[WhiteElo "2588"]
[BlackElo "2438"]
[Annotator "TA"]
[PlyCount "57"]
[EventDate "2019.04.27"]
[EventType "swiss"]
[EventCountry "CZE"]
[SourceTitle "playchess.com"]
[Source "ChessBase"]
[SourceQuality "1"]

{[%evp 14,57,0,-12,-2,5,11,-5,56,36,56,39,99,97,110,110,105,87,361,117,202,204,189,210,216,201,200,194,170,146,149,153,377,363,349,375,998,942,1402,1343,29977,3810,29989,29990,29990,29991]} 1. c4 c5 2. Nf3 Nf6 3. g3 d5 4. Bg2 Nc6 5. cxd5 Nxd5 6. Nc3 g6 7. d3 Bg7 8. Bd2 e6 {A34: Symmetrical English: 2 Nc3, lines with ...d5} 9. Qc1 b6 10. Bh6 Bxh6 $146 (10... O-O $1 $11) ({Predecessor:} 10... O-O 11. h4 f6 12. O-O Bb7 13. Bxg7 Kxg7 14. Qd2 e5 15. e3 Nc7 16. Rfd1 {½-½ (24) Pfleger,H (2545)-Sigurjonsson,G (2490) Munich 1979}) 11. Qxh6 $14 Qf6 12. Ne4 Qxb2 (12... Qe7 $1 $14) 13. O-O $16 Rg8 (13... Qxe2 $2 14. Qg7 $18) 14. Nd6+ $1 (14. Qxh7 $6 Rh8 $11) 14... Ke7 15. e4 $1 $36 {[%cal Re4d5][%mdl 2048] White is really pushing.} (15. Qxh7 $6 Rg7 $11) 15... Nc7 $2 {[%mdl 8192]} (15... Ndb4 $16 {was necessary.}) 16. Nxf7 $2 (16. Qxh7 Rg7 $11) (16. d4 $1 $18 {and the rest is easy.}) 16... Qf6 (16... Qg7 $16 17. Qf4 Nb5) 17. N3g5 $18 {e5 is the strong threat.} Ne5 18. Nxe5 (18. Qxh7 $2 Rg7 $19) 18... Qxe5 19. f4 (19. Nxh7 $6 Ba6 $16) 19... Qg7 20. Qh4 (20. Qxh7 $6 Qxh7 21. Nxh7 Ba6 $14) 20... h6 21. Nxe6+ $1 Kxe6 {[#]} 22. f5+ $1 Kd7 $2 {[#]} (22... Kd6 $2 23. f6 $18) (22... Kf7 $16) 23. f6 $1 {[%cal Rf6g7]} Qf7 {Threatening ...g5.} 24. e5 (24. Qxh6 Ba6 $11) 24... Rb8 $2 (24... Re8 25. Rad1 (25. Qxh6 Ba6 $14) 25... Ba6 26. Bxa8 (26. Qxh6 Rad8 $15) 26... Rxa8 27. e6+ (27. Qxh6 Ne6 $11) 27... Nxe6 28. Qa4+ {[%mdl 64] Double Attack} Kd6) 25. Qa4+ {[%mdl 64] Double Attack} b5 26. Qxa7 {[%mdl 64] Double Attack} Ba6 27. Qxc5 Qe6 28. f7 Rgf8 29. Rf6 {Accuracy: White = 81%, Black = 22%.} 1-0

[Event "CZE-ch Open 2019"]
[Site "Ostrava"]
[Date "2019.04.29"]
[Round "3.7"]
[White "Kociscak, Jiri"]
[Black "Miesbauer, Jan"]
[Result "1/2-1/2"]
[WhiteElo "2496"]
[BlackElo "2402"]
[Annotator "TA"]
[PlyCount "89"]
[EventDate "2019.04.27"]
[EventType "swiss"]
[EventCountry "CZE"]
[SourceTitle "playchess.com"]
[Source "ChessBase"]
[SourceQuality "1"]

{[%evp 22,89,29,31,27,27,25,23,31,21,25,22,35,25,48,0,0,-22,0,-34,-25,-36,-39,-45,-9,-58,-34,-31,0,-37,0,0,0,0,0,0,0,0,0,0,0,0,0,0,0,0,0,0,0,0,0,0,0,0,0,0,-32,-31,-51,-62,-54,-66,0,0,0,0,0,0,0,0]} 1. d4 Nf6 2. c4 g6 3. Nf3 Bg7 4. g3 O-O 5. Bg2 d6 6. O-O c6 7. Nc3 Bf5 8. b3 Ne4 9. Bb2 Nxc3 10. Bxc3 Be4 11. Qd2 Nd7 12. Qe3 d5 {E62: King's Indian: Fianchetto: 6...c6 and Panno Variation (6...Nc6) without ...a6} 13. Bh3 Bxf3 14. Qxf3 e6 {White has an edge.} 15. Qd3 f5 16. e3 {[#]} h5 $146 ({Predecessor:} 16... Qe7 17. Rac1 a6 18. Bg2 Nf6 19. Rfd1 g5 {½-½ (76) Horvath,P (2434)-L'Ami,E (2631) Germany 2012}) 17. f3 g5 18. Bb4 {Black must now prevent cxd5.} Rf7 19. Bg2 g4 20. cxd5 cxd5 21. Bd6 Nf8 22. Ba3 Bh6 23. f4 Qa5 24. Bc5 Rc8 25. Rfc1 Rfc7 {...b6 is the strong threat.} 26. a4 {And now b4 would win.} Nd7 {[%cal Rd7c5]} 27. b4 Nxc5 28. bxc5 b6 {[%cal Rb6c5]} 29. Bxd5 exd5 30. Qxf5 {[%mdl 64] [#] Double Attack} bxc5 31. Qxd5+ Kh7 32. Qf5+ Kg8 33. Qe6+ Kh7 34. d5 Rd8 35. Qf5+ Kg8 36. Qe6+ Kh7 37. Qf5+ Kg8 38. Qf6 Rh7 39. d6 Bg7 40. Qe6+ Kh8 {Threatens to win with ...Rh6.} 41. d7 $1 Bxa1 (41... Rh6 $15 42. Qe8+ Kh7) 42. Qe8+ $1 $11 {The position is equal.} Kg7 {Strongly threatening ...Bf6.} 43. Qe7+ {[#]} Kh8 $1 44. Qe8+ $1 Kg7 {aiming for ...Bf6.} 45. Qe7+ {Accuracy: White = 56%, Black = 57%.} 1/2-1/2

[Event "CZE-ch Open 2019"]
[Site "Ostrava"]
[Date "2019.04.29"]
[Round "3.8"]
[White "Svanda, Ondrej"]
[Black "Kraus, Tomas"]
[Result "0-1"]
[WhiteElo "2309"]
[BlackElo "2456"]
[Annotator "RC"]
[PlyCount "56"]
[EventDate "2019.04.27"]
[EventType "swiss"]
[EventCountry "CZE"]
[SourceTitle "playchess.com"]
[Source "ChessBase"]
[SourceQuality "1"]
[TimeControl "40/5400+30:1800+30"]

1. e4 {[%emt 0:00:00]} d6 {[%emt 0:00:00]} 2. d4 {[%emt 0:00:00]} Nf6 {[%emt 0:00:10]} 3. Nc3 {[%emt 0:01:11]} e5 {[%emt 0:00:12]} 4. Nf3 {[%emt 0:01:16]} Nbd7 {[%emt 0:00:12]} 5. Bc4 {[%emt 0:02:30]} Be7 {[%emt 0:00:06]} 6. O-O {[%emt 0:00:06]} O-O {[%emt 0:00:03]} 7. Qe2 {[%emt 0:03:46]} c6 {[%emt 0:04:24]} 8. a4 {[%emt 0:00:17]} exd4 {[%emt 0:00:31]} 9. Nxd4 {[%emt 0:00:41]} Re8 {[%emt 0:00:04]} 10. Re1 {[%emt 0:16:59]} d5 {[%emt 0:06:56]} 11. Ba2 {[%emt 0:05:49]} Bb4 {[%emt 0:04:20]} 12. Bd2 {[%emt 0:05:54]} Nxe4 {[%emt 0:08:36]} 13. Nb1 {[%emt 0:18:55]} Bc5 {[%emt 0:07:24]} 14. Be3 {[%emt 0:01:58]} Ndf6 {[%emt 0:02:19]} 15. c3 {[%emt 0:02:58]} Ng4 {[%emt 0:06:00]} 16. h3 {[%emt 0:05:31]} Nexf2 {[%emt 0:16:16]} 17. hxg4 {[%emt 0:04:05]} Nxg4 {[%emt 0:00:06]} 18. Qd2 {[%emt 0:03:13]} Qh4 {[%emt 0:06:26]} 19. Na3 {[%emt 0:01:32]} Qh2+ {[%emt 0:00:52]} 20. Kf1 {[%emt 0:00:47]} Rxe3 {[%emt 0:04:20]} 21. Rxe3 {[%emt 0:01:37]} Qf4+ {[%emt 0:07:30]} 22. Kg1 {[%emt 0:00:05]} Qh2+ {[%emt 0:00:04]} 23. Kf1 {[%emt 0:00:05]} Qh1+ {[%emt 0:00:30]} 24. Ke2 {[%emt 0:00:04]} Qxg2+ {[%emt 0:00:11]} 25. Kd3 {[%emt 0:04:44]} Nxe3 {[%emt 0:01:19]} 26. Kxe3 {[%emt 0:00:12]} Qg3+ {[%emt 0:01:41]} 27. Ke2 {[%emt 0:00:15]} Bg4+ {[%emt 0:00:06]} 28. Kf1 {[%emt 0:00:45]} Re8 {[%emt 0:00:19]} 0-1

[Event "CZE-ch Open 2019"]
[Site "Ostrava"]
[Date "2019.04.29"]
[Round "3.9"]
[White "Biolek, Richard Jr."]
[Black "Serrano Salvador, Eduardo"]
[Result "1/2-1/2"]
[WhiteElo "2442"]
[BlackElo "2305"]
[Annotator "TA"]
[PlyCount "129"]
[EventDate "2019.04.27"]
[EventType "swiss"]
[EventCountry "CZE"]
[SourceTitle "playchess.com"]
[Source "ChessBase"]
[SourceQuality "1"]

{[%evp 11,129,31,39,20,25,28,21,15,12,13,24,6,25,18,18,14,14,15,30,28,68,32,48,50,47,62,114,112,114,111,106,90,99,86,95,97,107,79,72,43,37,42,97,70,65,34,62,55,69,0,60,0,61,48,84,77,77,74,80,0,74,39,65,25,83,83,79,70,79,78,76,66,60,60,108,83,79,65,82,92,84,81,115,127,127,127,123,122,125,20,26,9,111,73,76,0,102,0,77,0,9,9,9,9,10,0,0,0,0,0,0,0,0,0,0,0,0,0,0,0]} 1. e4 c5 2. Nf3 e6 3. d4 cxd4 4. Nxd4 Nc6 5. Nc3 Qc7 6. Be3 a6 7. Qf3 {B48: Sicilian: Taimanov: 5 Nc3 Qc7 6 Be3 a6 without Be2} Bd6 (7... Nf6 8. O-O-O Ne5 9. Qg3 b5 10. f4 Neg4 11. Bd2 b4 12. Na4 h5 13. Bd3 d5 14. e5 Ne4 15. Bxe4 dxe4 {½-½ (48) Caruana,F (2832)-Shankland,S (2724) Germany 2019}) 8. O-O-O {[#] Black must now prevent Ncb5!} Be5 $1 9. g3 b5 10. Qe2 Bb7 $146 ({Predecessor:} 10... Nge7 11. f4 Bxd4 12. Bxd4 Nxd4 13. Rxd4 {1-0 (65) Cornette,D (2378)-Garbett,P (2250) Auckland 2016}) 11. f4 Bxd4 12. Bxd4 Nxd4 13. Rxd4 Ne7 14. Bg2 $36 {[%mdl 2048] White is more active.} O-O 15. Rhd1 Rfd8 16. Qd3 {[%cal Rd4d7]} Bc6 17. Nd5 Nxd5 18. exd5 Bxd5 (18... exd5 $14 19. Bxd5 Re8) 19. Bxd5 $16 exd5 20. Rxd5 Ra7 21. Qd4 Rb7 22. Rg5 {[%csl Gg5][%cal Rd4g7]} g6 23. Rd5 Rc8 {[%csl Gc8][%cal Rc7c2]} 24. Qd3 (24. Rd2 {is more complex.} Qc6 25. a3 a5 26. b3 Rbc7 27. Kb1) 24... Qc6 25. Re5 Rbc7 {[%cal Rc6c2]} 26. Re2 Qf6 (26... b4 $14) 27. Rdd2 Qb6 28. Qe3 Qc6 29. Qe4 Qb6 30. Qe3 Qc6 31. Qe4 Qb6 32. Qd5 Qg1+ 33. Rd1 Qb6 34. Qd6 Qc6 35. Qd5 Qb6 $1 36. Rde1 Kg7 37. Qe5+ (37. f5 {looks sharper.} Qf6 38. fxg6 hxg6 39. a3 d6 40. Rd1) 37... Qf6 (37... Kg8 $1 $11) 38. Qxf6+ Kxf6 {[%mdl 4096] Endgame KRR-KRR} 39. Rd1 Kg7 40. Rd6 Ra7 41. Re7 Rcc7 42. Re8 a5 43. Re5 Rc6 44. Rdd5 (44. Rd3 {is interesting.} b4 45. Red5 Rcc7 46. a4 Kf6 47. b3) 44... Rac7 45. Re2 Rc5 46. Red2 Rxd5 47. Rxd5 {KR-KR} Rb7 48. a4 bxa4 49. Rxa5 Rb4 50. Ra7 ({White should play} 50. c3 $16 Re4 51. Kd2) 50... d5 $11 51. c3 Rc4 (51... Re4 $11 {remains equal.}) 52. Rd7 Rc5 53. Ra7 Rc4 $1 54. Rd7 Rc5 $1 {[#]} 55. Kd2 ({Better is} 55. Rd6 $1 $16) 55... Kf6 {The position is equal.} 56. Ra7 Rc4 $1 57. Ke3 h5 58. h3 Re4+ 59. Kf3 Rc4 60. Ke3 Re4+ 61. Kf3 Rc4 62. Ra6+ Ke7 63. Ra7+ Ke6 64. Ra6+ Ke7 65. Ra7+ {Accuracy: White = 46%, Black = 64%.} 1/2-1/2

[Event "CZE-ch Open 2019"]
[Site "Ostrava"]
[Date "2019.04.29"]
[Round "3.10"]
[White "Riha, Vojtech"]
[Black "Pulpan, Jakub"]
[Result "0-1"]
[WhiteElo "2288"]
[BlackElo "2418"]
[Annotator "TA"]
[PlyCount "130"]
[EventDate "2019.04.27"]
[EventType "swiss"]
[EventCountry "CZE"]
[SourceTitle "playchess.com"]
[Source "ChessBase"]
[SourceQuality "1"]

{[%evp 18,130,-21,-29,-31,-23,-31,-29,-18,-11,0,0,0,0,0,-20,-13,-12,-10,-10,-9,-20,0,0,0,0,33,-22,-25,-49,-48,-47,-47,-63,-37,-27,-12,-8,0,0,0,-82,-89,-91,-89,-78,-77,-93,-92,-113,-109,-95,-111,-104,-32,-74,-73,-90,-102,-83,-72,-66,-62,-121,-93,-125,-118,-143,-143,-143,-143,-143,-143,-143,-143,-226,-185,-212,-125,-125,-125,-126,-126,-126,-126,-130,-126,-535,-510,-946,-901,-1029,-941,-576,-1077,-5057,-1016,-973,-853,-755,-707,-746,-675,-568,-393,-29977,-29978,-29979,-29980,-29980,-29981,-29981,-29982,-29982,-29983]} 1. e4 e5 2. Nf3 Nc6 3. Nc3 Nf6 4. d4 exd4 5. Nd5 Bc5 6. Bg5 Be7 7. Bf4 d6 8. Nxd4 O-O 9. Nb5 Nxd5 10. exd5 a6 {C47: Scotch Four Knights and Four Knights with 4 g3} 11. Nc3 (11. dxc6 axb5 12. Bxb5 Bg5 13. cxb7 Bxb7 14. Qg4 Qe7+ 15. Kd2 Bf6 16. Rhe1 Qd8 17. c3 Rb8 18. Kc2 {½-½ (47) Svidler,P (2690)-Morozevich,A (2707) Moscow 2002}) 11... Ne5 12. Qd2 Bg4 {Black has an edge.} 13. h3 Bh5 (13... Bd7 {feels hotter.} 14. Be3 Re8 15. Be2 Rb8 16. O-O Bh4) 14. Be2 Bxe2 15. Nxe2 $146 ({Predecessor:} 15. Qxe2 Bf6 16. O-O Ng6 17. Bd2 Re8 18. Qf3 Ne5 19. Qf4 {1-0 (18) Ritter,U (1709)-Kaupat,T (1407) GER email 2012}) 15... Bf6 16. c3 Re8 {next ...Nc4 is good for Black.} 17. O-O Qd7 18. b3 Qf5 19. Rad1 Re7 20. c4 Rae8 21. Nd4 Qe4 22. Bg3 ({White should try} 22. f3 $14 Qg6 23. Rfe1) 22... h5 $11 23. Qf4 Ng6 24. Qxe4 Rxe4 25. Nf3 h4 26. Bh2 Bc3 {[#]} 27. c5 $1 {[%mdl 512]} Bb4 (27... dxc5 28. Bxc7) 28. cxd6 cxd6 {[#]} 29. Nd2 (29. a3 $1 $11 {[%mdl 512]} Bxa3 30. Nd2) 29... Re2 $36 {[%mdl 2048] Keeping White busy.} 30. Nc4 Ne5 31. Bxe5 dxe5 32. a3 Bc5 33. b4 Bd4 34. Nd6 Rd8 35. Nf5 Re4 (35... Bb2 $17 36. Rd3 g6) 36. Rd3 Rf4 37. Ne3 Bxe3 38. fxe3 Rxf1+ 39. Kxf1 {[%mdl 4096] Endgame KR-KR} e4 40. Rd4 (40. Rd2 $15) 40... f5 41. Ke2 Kf7 42. Rc4 {[#]} Ke7 $1 43. Rc5 Kd6 44. a4 Rd7 {White must now prevent ...Rc7.} 45. Rc8 Kxd5 46. b5 (46. Rc5+ $17 Ke6 47. Rc8) 46... axb5 47. axb5 Ke6 (47... Rd6 $19 48. Rc7 Rb6 49. Rd7+ Kc4 50. Rxg7 Rxb5 51. Rc7+ Kd5 52. Rd7+ Kc6) 48. Rh8 Rd5 49. Rxh4 Rxb5 50. g4 Rb2+ 51. Ke1 g6 52. gxf5+ $2 {[%mdl 8192]} (52. Rh6 $17 {is more resistant.}) 52... gxf5 $19 53. Rh6+ {[#]} (53. Rh7 $142 b5 54. h4) 53... Kd5 $1 54. h4 f4 55. Rh5+ Kc4 56. exf4 Kd3 (56... e3 $142 57. Ra5 Kd3 58. Ra3+ Ke4) 57. Rd5+ Ke3 58. f5 Rh2 {[%cal Rh2h1]} 59. Kd1 Rxh4 60. Rd7 Kf2 {Strongly threatening ...e3.} 61. Rxb7 $2 (61. Rd2+ $19 Kf3 62. f6) 61... e3 {Black mates.} 62. Re7 Rd4+ 63. Kc2 e2 64. f6 e1=Q 65. Rxe1 Kxe1 {Accuracy: White = 46%, Black = 67%.} 0-1

[Event "CZE-ch Open 2019"]
[Site "Ostrava"]
[Date "2019.04.29"]
[Round "3.11"]
[White "Malinovsky, Petr"]
[Black "Roubalik, Jakub"]
[Result "1/2-1/2"]
[WhiteElo "2003"]
[BlackElo "2417"]
[Annotator "TA"]
[PlyCount "59"]
[EventDate "2019.04.27"]
[EventType "swiss"]
[EventCountry "CZE"]
[SourceTitle "playchess.com"]
[Source "ChessBase"]
[SourceQuality "1"]

{[%evp 12,59,8,0,0,0,2,-26,0,0,-15,-47,-39,-87,-88,-75,-66,-94,-76,-81,-57,-43,-20,-98,-38,-52,0,0,0,0,0,-24,-21,-18,-32,-255,-262,-343,-256,-234,0,-508,0,0,0,0,0,0,0,0]} 1. d4 Nf6 2. c4 e6 3. Nc3 Bb4 4. e3 O-O 5. Nge2 d5 6. a3 Bd6 7. Ng3 c6 {E46: Nimzo-Indian: Rubinstein: 4 e3 0-0 5 Ne2 without early Bd3} 8. Be2 Nbd7 9. e4 $146 ({Predecessor:} 9. O-O dxc4 10. Bxc4 e5 11. Ba2 Nb6 12. dxe5 Bxe5 13. Qc2 Qe7 14. e4 Be6 15. Bxe6 Qxe6 {½-½ (51) Lopez Martinez,J (2584)-Meier,G (2648) Batumi 2018}) 9... Bxg3 {Black has an edge.} 10. hxg3 {Black must now prevent e5.} Nxe4 11. Bd3 f5 12. Qh5 Ndf6 13. Qh4 h6 14. f3 Nxc3 15. bxc3 dxc4 16. Bxc4 Nd5 17. Qh5 (17. Bd2 $11) 17... Qe8 (17... Nxc3 $6 18. Bxh6 $1 {[%mdl 512]} Qxd4 19. Bg5 $11) (17... Qd6 $17 18. Qh4 (18. Qg6 Rf6 $17) 18... e5) 18. Qh4 e5 ({Reject} 18... Nxc3 $6 19. Bxh6 $1 {[%mdl 512]} Qg6 20. Bf4 $16 (20. Bd2 Nd5 $14)) (18... Rf6 $15) 19. Bxh6 $11 exd4+ 20. Kf1 Qg6 $1 21. Bf4 dxc3 22. Re1 {White wants to mate with Re7.} Be6 23. Rxe6 $2 ({White should try} 23. Be5 $1 $15) 23... Qxe6 $19 24. Qh7+ Kf7 25. Rh5 {Hoping for Bxd5.} Ke7 $2 (25... Ke8 $19 {...Rd8 is the strong threat.} 26. Qxg7 Qe7 27. Qg6+ Qf7) 26. Rh6 $2 {[%mdl 8192]} (26. Qxg7+ $11 Rf7 27. Qd4) 26... Ne3+ $2 (26... Qg8 $19 27. Bg5+ Ke8 28. Qxg8 Rxg8) 27. Kf2 {The position is equal.} Nxc4 ({Don't blunder} 27... Nd1+ $2 {[#]} 28. Kg1 $1 $18 {[%mdl 512]}) 28. Rxe6+ Kxe6 29. Qxg7 b5 30. Qxc3 {Accuracy: White = 40%, Black = 47%.} 1/2-1/2

[Event "CZE-ch Open 2019"]
[Site "Ostrava"]
[Date "2019.04.29"]
[Round "3.12"]
[White "Michenka, Jozef"]
[Black "Nguyen, Thai Dai Van"]
[Result "1/2-1/2"]
[WhiteElo "2287"]
[BlackElo "2547"]
[Annotator "TA"]
[PlyCount "92"]
[EventDate "2019.04.27"]
[EventType "swiss"]
[EventCountry "CZE"]
[SourceTitle "playchess.com"]
[Source "ChessBase"]
[SourceQuality "1"]

{[%evp 21,92,0,0,-9,-9,-15,-12,-24,-24,-19,-19,-18,0,0,7,0,7,-4,0,-12,-12,-22,-15,-13,-10,-12,-20,-20,17,18,18,19,19,10,34,29,35,18,27,0,29,33,52,48,61,55,53,63,56,41,51,37,35,45,50,39,32,22,21,6,22,0,0,0,0,0,0,0,0,0,0,0,0]} 1. d4 Nf6 2. c4 e6 3. Nc3 Bb4 4. e3 O-O 5. Bd3 d5 6. Nf3 b6 7. O-O Bb7 8. cxd5 exd5 9. a3 Bd6 10. b4 Nbd7 11. Bb2 a6 12. Nh4 $146 {E52: Nimzo-Indian: Rubinstein: 4...0-0 5 Nf3 d5 6 Bd3 b6} ({Predecessor:} 12. Ne2 Ne4 13. Ne5 Qe7 14. f3 Nef6 15. f4 Ne4 16. Bxe4 dxe4 17. Ng3 f5 18. Qb3+ Kh8 19. Rac1 b5 {1-0 (41) Nyback,T (2627)-Kohlweyer,B (2458) Germany 2011}) 12... Re8 13. Nf5 Bf8 14. Re1 g6 15. Ng3 Bd6 16. Nf1 Ne4 17. f3 Nxc3 18. Bxc3 f5 19. Qc2 Nf6 20. Rad1 Re7 21. Qa2 Qe8 22. Re2 Qf7 23. Be1 Rae8 24. Bh4 Kg7 25. Rde1 Re6 26. Bg3 Qd7 27. Qb2 Bxg3 28. Nxg3 R6e7 29. Qc2 Kh8 30. Kf2 h5 31. Kg1 h4 32. Nh1 Nh7 33. Nf2 Ng5 34. Qc1 Ne6 35. Nh3 Kg7 36. Qc2 Qd6 37. Qd2 Bc8 38. Qc3 Kg8 39. Qc2 Bd7 {The position is equal.} 40. Qd2 Kg7 41. Nf4 Ba4 42. Nxe6+ Rxe6 43. Rc1 Bb5 44. f4 Qe7 45. Bxb5 axb5 46. Rc3 c6 {Accuracy: White = 55%, Black = 51%.} 1/2-1/2

[Event "CZE-ch Open 2019"]
[Site "Ostrava"]
[Date "2019.04.29"]
[Round "3.13"]
[White "Kislinsky, Alexey"]
[Black "Jurek, Josef"]
[Result "1-0"]
[WhiteElo "2429"]
[BlackElo "2269"]
[Annotator "TA"]
[PlyCount "55"]
[EventDate "2019.04.27"]
[EventType "swiss"]
[EventCountry "CZE"]
[SourceTitle "playchess.com"]
[Source "ChessBase"]
[SourceQuality "1"]

{[%evp 12,61,5,5,27,10,29,26,50,24,77,76,98,96,122,135,181,136,193,185,157,164,195,193,196,196,196,188,201,192,207,203,195,190,182,174,283,182,285,281,239,264,807,635,816,671,697,670,596,459,441,426]} 1. e4 e6 2. d4 d5 3. Nd2 c5 4. c3 Nc6 5. Ngf3 Nf6 6. e5 Nd7 7. Bd3 g6 {C06: French Tarrasch: 3...Nf6 4 e5 Nfd7 5 Bd3 main lines} 8. Bc2 Bg7 9. h4 h6 {White has an edge.} 10. a3 c4 $146 (10... O-O $11) ({Predecessor:} 10... a5 11. Nf1 b6 12. Ng3 Ba6 13. Be3 Qc7 14. Rc1 b5 15. Bd3 c4 16. Be2 {1-0 (47) Safarli,E (2653)-Chakravarthi,R (2442) Dubai 2018}) 11. Nf1 $16 b5 12. Ne3 Nb6 13. Ng4 Bd7 14. Bf4 Qc7 (14... h5 $16) 15. Qd2 $18 h5 16. Nf6+ Bxf6 17. exf6 Qd8 18. Bg5 Qc7 19. O-O a5 20. Rae1 O-O-O 21. Bf4 Qb7 22. Ng5 Be8 23. Bh2 Qd7 (23... Rd7 $142 24. Qf4 Rg8) 24. Qf4 Kb7 {[#]} (24... Rg8 $142 25. Re3 Kb7) 25. Bxg6 $1 {[%mdl 512]} fxg6 26. Nxe6 {aiming for Nc5+.} Kc8 $2 (26... Na4 27. Nxd8+ Qxd8) 27. Nxd8 {White is clearly winning.} Kxd8 {[#]} 28. f7 {Played: Re1-e6} 1-0

[Event "CZE-ch Open 2019"]
[Site "Ostrava"]
[Date "2019.04.29"]
[Round "3.14"]
[White "Mikes, Jan"]
[Black "Liska, Jiri"]
[Result "1/2-1/2"]
[WhiteElo "2394"]
[BlackElo "2236"]
[Annotator "TA"]
[PlyCount "93"]
[EventDate "2019.04.27"]
[EventType "swiss"]
[EventCountry "CZE"]
[SourceTitle "playchess.com"]
[Source "ChessBase"]
[SourceQuality "1"]

{[%evp 20,93,18,11,12,12,73,8,25,31,27,8,43,47,59,52,79,60,89,97,82,73,158,152,144,145,153,77,86,75,118,110,141,62,45,41,47,44,44,39,39,19,21,0,0,0,0,-33,0,0,0,0,0,0,0,0,0,-7,0,0,0,0,0,0,0,0,0,0,0,0,0,0,0,0,0,0]} 1. e4 c5 2. Nf3 Nc6 3. d4 cxd4 4. Nxd4 Nf6 5. Nc3 e5 6. Ndb5 d6 7. Bg5 a6 8. Na3 b5 9. Nd5 Be7 10. Bxf6 Bxf6 11. c4 b4 {B33: Sicilian: Pelikan and Sveshnikov Variations} 12. Nc2 Bg5 (12... a5 $11) (12... a5 13. g3 {½-½ (13) Nepomniachtchi,I (2763)-Carlsen,M (2835) St Petersburg 2018}) 13. g3 (13. h4 $16 Bh6 14. Ncxb4) 13... Qa5 14. b3 O-O 15. Bg2 $146 ({Predecessor:} 15. h4 Bh6 16. Bh3 Be6 17. Kf1 Qc5 18. Kg2 Ra7 19. Qd3 {1-0 (41) Proudian,A (2147)-Devescovi Parreira,P (2085) Sao Paulo 2012}) 15... Be6 16. O-O Qc5 17. a3 a5 18. Nc7 Rac8 19. Nxe6 fxe6 20. Qg4 {[#] Black must now prevent axb4.} Bd2 ({Black should play} 20... Bh6) 21. Rad1 $16 Bc3 22. Qxe6+ Kh8 23. axb4 ({Weaker is} 23. Qxd6 Qxd6 24. Rxd6 bxa3 $11) ({Don't take} 23. Rxd6 $6 bxa3 24. Rd5 Qb6 $16) (23. Rd5 $142 Qb6 24. Bh3 (24. Qxd6 Rf6 $16) (24. Rxd6 bxa3 25. Nxa3 Bb4 $11)) 23... Nxb4 24. Ne3 {And now Nf5 would win.} Rf6 25. Qd7 Qc6 {[#]} 26. Qxc6 (26. Qh3 $1 $16) 26... Rxc6 $14 27. Kh1 g6 28. f4 h5 29. fxe5 Rxf1+ 30. Rxf1 {Threatens to win with e6.} Bxe5 31. Rf8+ Kg7 32. Ra8 Ra6 33. Rb8 Bd4 34. Rb7+ {The position is equal.} Kf6 35. e5+ Kxe5 36. Nd5 {Hoping for Re7+.} Nxd5 37. Bxd5 $11 {[%mdl 4096] Endgame KRB-KRB} Ra7 38. Rb8 Kf6 39. Rf8+ Kg7 40. Rg8+ Kh7 41. Rd8 Bc5 42. Re8 Kg7 43. Kg2 a4 44. bxa4 Rxa4 45. Re7+ Kh6 46. Re2 Ra3 47. Be6 {Accuracy: White = 52%, Black = 49%.} 1/2-1/2

[Event "CZE-ch Open 2019"]
[Site "Ostrava"]
[Date "2019.04.29"]
[Round "3.15"]
[White "Malik, Jan"]
[Black "Mrazek, Lumir"]
[Result "1/2-1/2"]
[WhiteElo "2286"]
[BlackElo "2364"]
[Annotator "TA"]
[PlyCount "93"]
[EventDate "2019.04.27"]
[EventType "swiss"]
[EventCountry "CZE"]
[SourceTitle "playchess.com"]
[Source "ChessBase"]
[SourceQuality "1"]

{[%evp 24,93,15,8,17,21,43,43,43,43,34,37,41,34,73,62,70,83,69,29,29,29,29,34,30,25,21,22,34,20,16,16,31,12,10,12,33,15,67,65,102,103,104,104,104,107,106,106,114,128,135,123,214,90,87,91,100,59,59,45,43,16,17,2,3,2,3,0,720,0,0,0]} 1. e4 c5 2. Nf3 d6 3. d4 cxd4 4. Nxd4 Nf6 5. Nc3 a6 6. Bc4 e6 7. Bb3 b5 8. O-O Be7 9. Qf3 Qb6 10. Be3 Qb7 11. Qg3 O-O 12. Bh6 Ne8 13. Rad1 Bf6 {With the idea ...Be5. B87: Sicilian Scheveningen/Najdorf: 6 Bc4, with early ...b5} (13... Bd7 14. Rfe1 Bf6 15. Bg5 Bxg5 16. Qxg5 Nc6 17. a3 h6 18. Qe3 Rc8 19. f4 Nxd4 20. Rxd4 Bc6 21. h3 {1-0 (55) Vachier Lagrave,M (2758)-Wojtaszek,R (2744) Beijing 2014}) 14. Bg5 Be5 $146 ({Predecessor:} 14... b4 15. Na4 Bxg5 16. Qxg5 Nf6 17. f3 Bd7 18. Qa5 Bxa4 19. Bxa4 Rc8 20. Rf2 Nbd7 21. Bxd7 Nxd7 {½-½ (71) Danin,A (2568)-Donchenko,A (2395) Nuremberg 2012}) 15. f4 Bxd4+ $1 {White is slightly better.} 16. Rxd4 Qa7 17. Qf2 Nc6 18. Rdd1 h6 19. Bh4 Na5 20. Qxa7 Rxa7 21. Bf2 (21. e5 $5 {[%cal Re5d6]}) 21... Rd7 $1 22. e5 Nxb3 23. axb3 f6 24. Ne4 {[%cal Re4d6]} fxe5 25. fxe5 dxe5 26. Rxd7 Bxd7 27. Nc5 Bc6 28. Nxe6 Rf6 29. Nc5 Rg6 30. Bg3 a5 (30... Rd6 $11) 31. Re1 $14 h5 {Threatening ...h4!} 32. Nd3 e4 33. Ne5 Re6 34. Nxc6 Rxc6 35. Rxe4 $16 {[%mdl 4096] Endgame KRB-KRN} Nf6 36. Re2 Nd5 37. c3 a4 (37... Nf6 $16 {keeps fighting.} 38. Re5 b4) 38. bxa4 (38. Re5 $18 a3 39. bxa3 (39. Rxd5 $2 axb2 40. Rd1 Ra6 $19) 39... Nxc3 40. Be1 (40. Rxh5 Ne2+ 41. Kf1 Nxg3+ 42. hxg3 b4 $16)) 38... bxa4 39. Re5 Nf6 40. Ra5 Rb6 41. Rxa4 {[#] And now b4 would win.} Rxb2 42. h3 Nd5 $1 43. Be5 Ne3 44. g3 g5 45. Re4 Rg2+ 46. Kh1 Re2 $1 {[%cal Re2e1] [#] ...Re1+ is the strong threat.} 47. Kg1 {Accuracy: White = 54%, Black = 46%.} 1/2-1/2